000 00525nam a2200193Ia 4500
003 IN-BaIIA
008 211028s9999 xx 000 0 eng d
040 _cIIA Library
080 _a517.27
_bKIM
100 _aKimball, W. S
_93263
245 0 _aCalculus of variations
_cProf. W. S. Kimball
260 _aLondon
_bButterworths
_c1952
300 _aviii, 543p.
650 _aAstronomy and Astrophysics Thesaurus
650 _aCalculus
_91611
650 _aDifferential calculus
650 _aIntegral calculus
942 _cBK
999 _c1644
_d1644